|
|
|
|
| LEADER |
01607cas a2200265 a 4500 |
| 001 |
AALejournalIMF021573 |
| 008 |
230101c9999 xx r poo 0 0eng d |
| 020 |
|
|
|c 5.00 USD
|
| 020 |
|
|
|z 9781513571317
|
| 022 |
|
|
|a 2663-3493
|
| 040 |
|
|
|a BD-DhAAL
|c BD-DhAAL
|
| 110 |
2 |
|
|a International Monetary Fund.
|b Finance Dept.
|
| 245 |
1 |
0 |
|a Fifteenth General Review of Quotas :
|b Additional Considerations and Data Update.
|
| 264 |
|
1 |
|a Washington, D.C. :
|b International Monetary Fund,
|c 2021.
|
| 300 |
|
|
|a 1 online resource (170 pages)
|
| 490 |
1 |
|
|a Policy Papers
|
| 500 |
|
|
|a <strong>Off-Campus Access:</strong> No User ID or Password Required
|
| 500 |
|
|
|a <strong>On-Campus Access:</strong> No User ID or Password Required
|
| 506 |
|
|
|a Electronic access restricted to authorized BRAC University faculty, staff and students
|
| 520 |
3 |
|
|a This paper provides background for a further round of discussions on the Fifteenth General Review of Quotas (hereafter 15th Review). The paper builds on work presented in previous staff papers and Directors' views expressed in three meetings of the Committee of the Whole in September 2017 and February 2018. No proposals are presented at this stage, pending further Board guidance on possible approaches to narrowing the current differences of views.
|
| 538 |
|
|
|a Mode of access: Internet
|
| 650 |
|
7 |
|a Current Account Adjustment
|2 imf
|
| 650 |
|
7 |
|a Short-Term Capital Movements
|2 imf
|
| 830 |
|
0 |
|a Policy Papers; Policy Paper ;
|v No. 2021/010
|
| 856 |
4 |
0 |
|z Full text available on IMF
|u http://elibrary.imf.org/view/journals/007/2021/010/007.2021.issue-010-en.xml
|z IMF e-Library
|